| 000 | 01534nam0a22003251 4500 | ||
|---|---|---|---|
| 001 | rc\2804244 | ||
| 005 | 20250806210504.0 | ||
| 035 | _a(NLR Aleph) 006930217 | ||
| 090 |
_a63842 _c63842 |
||
| 100 | _a20110915d1944 u y0rusy50 ca | ||
| 101 | 0 | _arus | |
| 102 | _aRU | ||
| 105 | _aa z |||a| | ||
| 200 | 1 |
_aРассказы _fН. В. Гоголь _g[Ил. В. А. Ермолов] |
|
| 210 |
_aМосква _aЛенинград _cВоенмориздат _d1944 _eМосква _gтип. Профиздата |
||
| 215 |
_a202 с. _cил. _d14 см. |
||
| 225 | 1 | _aБиблиотека краснофлотца | |
| 327 | 1 | _aСодерж.: Сорочинская ярмарка. Ночь перед рождеством. Повесть о том, как поссорился Иван Иванович с Иваном Никифоровичем | |
| 464 | 0 | _12000#$aПовесть о том, как поссорился Иван Иванович с Иваном Никифоровичем | |
| 464 | 0 | _12000#$aСорочинская ярмарка | |
| 464 | 0 | _12000#$aНочь перед рождеством | |
| 700 | 1 |
_6a01 _aГоголь _bН.В. _f1809-1852 _gНиколай Васильевич _3RU\NLR\AUTH\773480 _4070 _7ca |
|
| 702 | 1 |
_aЕрмолов _bВ.А. _gВладимир Алексеевич _4440 |
|
| 801 | 0 |
_aRU _bNLR _gpsbo |
|
| 801 | 1 |
_aRU _bELAR _2rusmarc |
|
| 852 |
_aNLR _jЛ30 Г-1/348 |
||
| 942 | _cBOOK | ||
| 945 | _aРоссийская национальная библиотека | ||
| 980 | _aNB | ||
| 980 | _aBV | ||